<?xml version="1.0" encoding="UTF-8"?>
<collection xmlns="http://www.loc.gov/MARC21/slim">
  <record>
    <leader>00000nam  2200000   4500</leader>
    <controlfield tag="001">INLIS000000000019869</controlfield>
    <controlfield tag="005">20250428014548</controlfield>
    <datafield tag="035" ind1="#" ind2="#">
      <subfield code="a">0010-0425000212</subfield>
    </datafield>
    <controlfield tag="007">ta</controlfield>
    <controlfield tag="008">250428################g##########0#ind##</controlfield>
    <datafield tag="020" ind1="#" ind2="#">
      <subfield code="a">978 602 434 825 0</subfield>
    </datafield>
    <datafield tag="082" ind1="#" ind2="#">
      <subfield code="a">616.89</subfield>
    </datafield>
    <datafield tag="084" ind1="#" ind2="#">
      <subfield code="a">616.89 NEV p</subfield>
    </datafield>
    <datafield tag="100" ind1=" " ind2="#">
      <subfield code="a">Nevid, Jeffrey S.</subfield>
    </datafield>
    <datafield tag="245" ind1="1" ind2="#">
      <subfield code="a">Psikologi Abnormal di Dunia yang Terus Berubah :</subfield>
      <subfield code="b">Edisi Kesembilan Jilid 1 /</subfield>
      <subfield code="c">Jeffrey S. Nevid, Spencer A. Rathus</subfield>
    </datafield>
    <datafield tag="250" ind1="#" ind2="#">
      <subfield code="a">Cetakan ke 3</subfield>
    </datafield>
    <datafield tag="260" ind1="#" ind2="#">
      <subfield code="a">Jakarta :</subfield>
      <subfield code="b">Erlangga,</subfield>
      <subfield code="c">2014</subfield>
    </datafield>
    <datafield tag="300" ind1="#" ind2="#">
      <subfield code="a">414 halaman :</subfield>
      <subfield code="b">ilus ;</subfield>
      <subfield code="c">28 cm</subfield>
    </datafield>
    <datafield tag="650" ind1="#" ind2="4">
      <subfield code="a">Psikologi</subfield>
    </datafield>
    <datafield tag="700" ind1=" " ind2="#">
      <subfield code="a">Spencer A. Rathus</subfield>
    </datafield>
    <datafield tag="520" ind1="#" ind2="#">
      <subfield code="a">Di dunia yang terus berubah ini, keadaan psikologis pun kerap berubah. Perubahan ini dan juga norma budaya membuat suatu perilaku disebut abnormal. Namun, apa yang disebut seseorang sebagai perilaku abnormal belum tentu dianggap demikian oleh orang lain. Kalau begitu, apakah yang disebut perilaku abnormal itu?&#13;
&#13;
Buku ini memberikan penjelasan mendalam mengenai makna abnormal serta perilaku dan kondisi psikis seperti apakah yang dianggap abnormal. Buku ini dilengkapi dengan hasil-hasil penelitian terbaru di bidang psikologi abnormal. Selain itu, buku ini ditulis dengan mengacu kepada DSM-5 untuk menyajikan diagnosis komprehensif terhadap perilaku abnormal. Fitur-fitur yang ada di buku ini pun akan memudahkan Anda untuk memahami bahasan terkait psikologi abnormal.</subfield>
    </datafield>
    <datafield tag="990" ind1="#" ind2="#">
      <subfield code="a">210219460</subfield>
    </datafield>
  </record>
</collection>
